The Doors Discography - Statistics

General Stats
  • This quiz has been taken 29 times
  • The average score is 24 of 86
Answer Stats
Type Year Name % Correct
Album 1971 L.A. Woman
100%
Compilation 2012 L.A. Woman: The Workshop Sessions
100%
Album 1970 Morrison Hotel
100%
Album 1967 The Doors
100%
Video Album 1991 The Doors
100%
Album 1967 Strange Days
96%
Album 1968 Waiting for the Sun
92%
Album 1969 The Soft Parade
88%
Album 1971 Other Voices
75%
Compilation 2001 The Very Best of The Doors
75%
Compilation 2007 The Very Best of The Doors
75%
Album 1978 An American Prayer
71%
Album 1972 Full Circle
63%
Compilation 1973 The Best of The Doors
63%
Compilation 1985 The Best of The Doors
63%
Video Album 1997 The Best of The Doors
63%
Compilation 2000 The Best of the Doors
63%
Live Album 1970 Absolutely Live
58%
Archive Album 2012 Live at the Bowl '68
50%
Video Album 2012 The Doors Live at the Bowl '68
50%
Video Album 2000 The Doors Live at the Hollywood Bowl
46%
Compilation 1980 Greatest Hits
38%
Reissued Compilation 1996 Greatest Hits
38%
Compilation 1972 Weird Scenes Inside the Gold Mine
33%
Live Album 1983 Alive, She Cried
29%
Live Album 1991 In Concert
29%
Live Album 1987 Live at the Hollywood Bowl
29%
Box Set 2009 Live in New York
25%
Archive Album 2007 Live in Boston
21%
Archive Album 2008 Live at the Matrix 1967
17%
Archive Album 2002 Live in Hollywood
17%
Archive Album 2001 Live in Hollywood: Highlights from the Aquarius Theater Performances
17%
Archive Album 2005 Live in Philadelphia '70
17%
Archive Album 2016 London Fog 1966
17%
Video Album 2001 No One Here Gets Out Alive
17%
Archive Album 2001 No One Here Gets Out Alive
17%
Compilation 2017 The Singles
17%
Video Album 2010 When You're Strange
17%
Soundtrack 2010 When You're Strange: Music from the Motion Picture
17%
Compilation 1970 13
13%
Archive Album 2002 Backstage and Dangerous: The Private Rehearsal
13%
Archive Album 2001 Bright Midnight: Live in America
13%
Archive Album 2000 Live in Detroit
13%
Archive Album 2008 Live in Pittsburgh 1970
13%
Video Album 1998 The Doors are Open
13%
Box Set 1997 The Doors: Box Set
13%
Video Album 2014 The Doors Feast of Friends
13%
Compilation 2008 The Future Starts Here: The Essential Doors Hits
13%
Video Album 2001 VH1 Storytellers - The Doors: A Celebration
13%
Box Set 2011 A Collection
8%
Compilation 2013 Behind Closed Doors: The Rarities
8%
Archive Box Set 2003 Boot Yer Butt: The Doors Bootlegs
8%
Video Album 1985 Dance on Fire
8%
Compilation 2003 Legacy: The Absolute Best
8%
Archive Album 2001 Live at the Aquarius Theater: The First Performance
8%
Archive Album 2001 Live at the Aquarius Theater: The Second Performance
8%
Archive Album 2010 Live in Vancouver 1970
8%
Video Album 2011 Mr. Mojo Risin': The Story of L.A. Woman
8%
Archive Album 2013 Strange Nights of Stone: The Doors Bright Midnight Archives Concerts Vol. II
8%
Video Album 2001 The Doors - 30 Years Commemorative Edition
8%
Video Album 1981 The Doors' A Tribute to Jim Morrison
8%
Video Album 2008 The Doors Classic Albums: The Doors
8%
Compilation 1985 The Doors Classics
8%
Video Album 1999 The Doors Collection - Collector's Edition
8%
Video Album 2005 The Doors Collector's Edition - (3 DVD)
8%
Video Album 2004 The Doors Live in Europe 1968 DTS
8%
Video Album 2003 The Doors of the 21st Century: L.A. Woman Live
8%
Soundtrack 1991 The Doors: Original Soundtrack Recording
8%
Video Album 2013 The Doors Special Edition - (3 DVD)
8%
Compilation 2008 The Platinum Collection
8%
Video Album 1991 The Soft Parade a Retrospective
8%
Compilation 2014 Curated by Rsd
4%
Compilation 1999 Essential Rarities
4%
Box Set 2006 Love/Death/Travel Box Set
4%
Live Album 1996 Message to Love: The Isle of Wight Festival 1970
4%
Box Set 2006 Perception
4%
Archive Album 2006 Set the Night on Fire: The Doors Bright Midnight Archives Concerts
4%
Compilation 1975 Star Collection
4%
Compilation 1975 Star Collection 2
4%
Archive Album 2000 The Bright Midnight Sampler
4%
Box Set 1999 The Complete Studio Recordings
4%
Box Set 2013 The Doors Infinite
4%
Video Album 2013 The Doors R-Evolution
4%
Box Set 2013 The Doors Singles Box
4%
Video Album 2002 The Doors Soundstage Performances
4%
Box Set 2008 The Doors: Vinyl Box Set
4%
No matching quizzes found
Score Distribution
Percent of People with Each Score
Percentile by Number Answered
Your Score History
You have not taken this quiz